|
|
|
|
| LEADER |
00000nam0a2200000 4500 |
| 001 |
113731 |
| 005 |
20231031122010.0 |
| 035 |
|
|
|a (RuTPU)RU\TPU\book\122993
|
| 090 |
|
|
|a 113731
|
| 100 |
|
|
|a 20070416d1960 m y0rusy50 ca
|
| 101 |
0 |
|
|a rus
|
| 102 |
|
|
|a RU
|
| 105 |
|
|
|a ac z 001zy
|
| 200 |
1 |
|
|a Объединеный институт ядерных исследований
|f В. А. Бирюков, М. М. Лебеденко, А. М. Рыжов
|
| 210 |
|
|
|a Москва
|c Атомиздат
|d 1960
|
| 215 |
|
|
|a 114 с.
|c ил.
|
| 320 |
|
|
|a Список печатных работ сотрудников: с. 96-114.
|
| 610 |
1 |
|
|a институт ядерных исследований
|
| 610 |
1 |
|
|a научные задачи
|
| 610 |
1 |
|
|a структура
|
| 610 |
1 |
|
|a международные связи
|
| 610 |
1 |
|
|a научная деятельность
|
| 675 |
|
|
|a 539.152.1
|v 3
|
| 700 |
|
1 |
|a Бирюков
|b В. А.
|
| 701 |
|
1 |
|a Лебеденко
|b М. М.
|
| 701 |
|
1 |
|a Рыжов
|b А. М.
|
| 801 |
|
1 |
|a RU
|b 63413507
|c 20070416
|g PSBO
|
| 801 |
|
2 |
|a RU
|b 63413507
|c 20081009
|g PSBO
|
| 942 |
|
|
|c BK
|